LEADER 01485nam a2200301 i 4500 001 000000136299 003 CaOOAMICUS 005 20050322000000.0 008 050322s1982 it u000 u ita u 013 $a109791 040 $aSeMil$bita 100 1 $aCollin de Plancy, J.-A.-S.$0(OLS)http://semarc/name/55498 240 10$aDictionnnaire critique des reliques et des images miraculeuses.$0(OLS)http://semarc/title/199180 245 10$aDizionario critico delle reliquie e delle immagini miracolose /$cJ.-A.-S. Collin de Plancy ; Introduzione di Alfonso M. Di Nola ; nota bibliografica di Ireneo Bellotta. 260 $aRoma :$bNewton Compton,$cCopyr. 1982. 300 $a240 p. :$bill. ;$c21 cm. 490 0 $aMagia e religioni ;$v7 500 $aContiene : Bibliografia. 650 4$aReliquie - Dizionari.$0(OLS)http://semarc/subject/26828 650 4$aImmagini sacre - Dizionari.$0(OLS)http://semarc/subject/26829 700 1 $aBellotta, Ireneo.$0(OLS)http://semarc/name/55499 700 1 $aDi Nola, Alfonso Maria <1926-1997>.$0(OLS)http://semarc/name/6286 830 0$aMagia e religioni ;$v7.$0(OLS)http://semarc/title/7914 850 $aSeMil 852 $aSeMil$W1$xVenegono$y1$m3K II 33$j89917$B89917$CSeMilBibl$Z2$F95566 $81 961 $aOmaggio: Martini Card. Carlo Maria 996 $6245$aDizionario critico delle reliquie e delle immagini miracolose$9(OLS)http://semarc/title/199179 996 $6260$aRoma :$bNewton Compton$9(OLS)http://semarc/publisher/31452 LEADER 00894nam a2200229 i 4500 001 000000057607 003 CaOOAMICUS 005 20040616000000.0 008 040616s1978 it u000 u ita u 013 $a28779 040 $aSeMil$bita 100 1 $aNegri, Daniele.$0(OLS)http://semarc/name/29308 245 10$aChiese romaniche in Toscana /$cDaniele Negri. 260 $aPistoia :$bTellini,$ccopyr. 1978. 300 $a415 p. :$briccamente ill. ;$c25 cm. 500 $aContiene : Bibliografia. - In custodia. 650 4$aToscana - Chiese romaniche.$0(OLS)http://semarc/subject/11607 850 $aSeMil 852 $aSeMil$W1$xVenegono$y1$m5J VI 117$j23761$B23761$CSeMilBibl$Z2$F23763 $81 961 $aOmaggio: Mezzanotti mons. Alessandro 996 $6245$aChiese romaniche in Toscana$9(OLS)http://semarc/title/89671 996 $6260$aPistoia :$bTellini$9(OLS)http://semarc/publisher/39684